• 首页
  • 本馆介绍
  • 公告通知
  • 最新文献
  • 馆藏检索
  • 电子资源
  • 读者导购
  • 参考咨询
  • 我的图书馆
  • 登录
  • 详细信息显示
  • 放入我的书架
  • 预约/预借图书
  • 作者相关作品
  • 分类相关作品
  • 丛书相关作品
  • 出版社相关作品

书目信息

  • 表格格式
  • 工作单格式
  • 卡片格式
题名:
大国的疤痕
    
 
作者: 赫蓝希 著
分册:  
出版信息: 北京   群言出版社  2015
页数: 313页
开本: 24cm
丛书名:
单 册:
中图分类: K250.9
科图分类:
主题词: 近代史--中国--通俗读物
电子资源:
ISBN: 978-7-80256-648-4
000 00932nam0 2200241 450
001 012001002878
005 20140926114740.0
010    @a978-7-80256-648-4@b精装@dCNY48.00
100    @a20150712d2015 em y0chiy50 ea
101 0  @achi
102    @aCN@b110000
105    @ay z 000yy
106    @ar
200 1  @a大国的疤痕@9da guo de ba hen@dChina scars@zeng@f赫蓝希著
210    @a北京@c群言出版社@d2015
215    @a313页@d24cm
330    @a本书以历史为主干,时间为线索,例数清代、民国时期国土问题,并跟随历史的车轮来到现代,讲述中国陆地、海洋疆界问题。书中对于中国从清代至今的疆土海域边界问题进行了比较详细的梳理。对于我国疆界的变化、国土被侵占和侵犯的历史、国土海域归属的争议问题、我国疆界的划分及相关政策等进行了论述。
510 1  @aChina scars@zeng
606 0  @a近代史@y中国@j通俗读物
690    @aK250.9@v5
701  0 @a赫蓝希@9he lan xi@4著
801  0 @aCN@b上海新华@c20180901
905    @b1161691-5@dK250.9@e235@f5
    
    大国的疤痕=China scars/赫蓝希著.-北京:群言出版社,2015
    313页;24cm
    
    
    ISBN 978-7-80256-648-4(精装):CNY48.00
    本书以历史为主干,时间为线索,例数清代、民国时期国土问题,并跟随历史的车轮来到现代,讲述中国陆地、海洋疆界问题。书中对于中国从清代至今的疆土海域边界问题进行了比较详细的梳理。对于我国疆界的变化、国土被侵占和侵犯的历史、国土海域归属的争议问题、我国疆界的划分及相关政策等进行了论述。
●
相关链接 在E读中查询图书 在五车中查询图书 在当当中查询图书 在豆瓣中查询图书


正题名:大国的疤痕     索取号:K250.9/235         预约/预借

序号 登录号 条形码 馆藏地/架位号 状态 备注
1 1161691   211616919   第二样本阅览室/ [索取号:K250.9/235] 在馆    
2 1161692   211616928   第二借阅区/ [索取号:K250.9/235] 在馆    
3 1161693   211616937   第二借阅区/ [索取号:K250.9/235] 在馆    
4 1161694   211616946   第二借阅区/ [索取号:K250.9/235] 在馆    
5 1161695   211616955   密集书库-史法系/ [索取号:K250.9/235] 在馆    
唐山师范学院图书馆 欢迎您!
大连网信软件有限公司© 版权所有